[Event "Voronezh op-B 18th"]
[Site "Voronezh"]
[Date "2014.06.16"]
[Round "5"]
[White "Korotchenkov, Victor"]
[Black "Shestakova, Ekaterina"]
[Result "0-1"]
[WhiteElo "1639"]
[BlackElo "1398"]
[PlyCount "144"]
[EventDate "2014.06.12"]
[EventType "swiss"]
[EventRounds "9"]
[EventCountry "RUS"]
[SourceTitle "EXT 2015"]
[Source "ChessBase"]
[SourceDate "2014.11.20"]
[SourceVersion "1"]
[SourceVersionDate "2014.11.20"]
[SourceQuality "1"]

1. d4 Nf6 2. c4 g6 3. Nc3 Bg7 4. g3 0-0 5. Bg2 d6 6. Qb3 Nbd7 7. Nh3 c5 8. d5 Ne5 9. f4 Ned7 10. Nf2 Nb6 11. Bd2 e6 12. 0-0 exd5 13. cxd5 Re8 14. e4 Ng4 15. Rae1 Nxf2 16. Rxf2 Kh8 17. Nd1 f5 18. Bc3 Qc7 19. Rfe2 fxe4 20. Bxe4 Bg4 21. Bf3 Rxe2 22. Bxe2 Bxe2 23. Rxe2 c4 24. Qb5 Bxc3 25. bxc3 a6 26. Qa5 Rc8 27. Re6 Qc5+ 28. Qxc5 Rxc5 29. Rxd6 Rxd5 30. Rxb6 Rxd1+ 31. Kf2 Rd2+ 32. Ke3 Rxa2 33. h4 Rg2 34. Kf3 Rc2 35. Rxb7 Rxc3+ 36. Kg4 a5 37. Ra7 Ra3 38. Rc7 c3 39. Kg5 Rb3 40. Kh6 Kg8 41. Rc8+ Kf7 42. Kxh7 a4 43. Rc7+ Ke6 44. Kxg6 a3 45. h5 a2 46. f5+ Kd6 47. Ra7 c2 48. g4 c1Q 49. Rxa2 Rb6 50. Ra5 Kc7+ 51. f6 Qc2+ 52. Rf5 Qe4 53. Kg5 Qe3+ 54. Kg6 Qe8+ 55. Kg7 Qe4 56. Rg5 Qd4 57. Rg6 Rd6 58. g5 Rd7+ 59. Kh6 Rd8 60. Rg7+ Kc6 61. Kh7 Qe4+ 62. Rg6 Kc5 63. f7 Qe7 64. Rf6 Qf8 65. h6 Kd5 66. Kg6 Rc8 67. h7 Qh8 68. Kh6 Rf8 69. Kg6 Ke5 70. Kh6 Qxf6+ 71. gxf6 Kxf6 72. Kh5 Kxf7 0-1

[Event "Voronezh op-B 18th"]
[Site "Voronezh"]
[Date "2014.06.12"]
[Round "1"]
[White "Korotchenkov, Victor"]
[Black "Ioffe, Ilya"]
[Result "0-1"]
[WhiteElo "1639"]
[BlackElo "1980"]
[PlyCount "56"]
[EventDate "2014.06.12"]
[EventType "swiss"]
[EventRounds "9"]
[EventCountry "RUS"]
[SourceTitle "EXT 2015"]
[Source "ChessBase"]
[SourceDate "2014.11.20"]
[SourceVersion "1"]
[SourceVersionDate "2014.11.20"]
[SourceQuality "1"]

1. d4 d5 2. c4 c6 3. e3 Nf6 4. Nc3 e6 5. Bd3 Nbd7 6. Nf3 dxc4 7. Bxc4 b5 8. Bd3 a6 9. Qc2 c5 10. dxc5 Nxc5 11. Be2 Bb7 12. 0-0 Bd6 13. Rd1 0-0 14. b3 b4 15. Nb1 Nce4 16. Ne5 Bxe5 17. Rxd8 Rfxd8 18. Bb2 Rac8 19. Bc4 Rxc4 20. Nc3 bxc3 21. Bc1 Rcc8 22. f3 Nc5 23. f4 Be4 24. Qe2 c2 25. fxe5 Rd1+ 26. Kf2 Bd3 27. exf6 Bxe2 28. Kxe2 Nd3 0-1

[Event "Voronezh Rating op 06"]
[Site "Voronezh"]
[Date "2014.06.05"]
[Round "6"]
[White "Korotchenkov, Victor"]
[Black "Shabunin, Danil"]
[Result "1-0"]
[WhiteElo "1643"]
[BlackElo "1739"]
[PlyCount "31"]
[EventDate "2014.05.30"]
[EventType "swiss"]
[EventRounds "7"]
[EventCountry "RUS"]
[SourceTitle "EXT 2015"]
[Source "ChessBase"]
[SourceDate "2014.11.20"]
[SourceVersion "1"]
[SourceVersionDate "2014.11.20"]
[SourceQuality "1"]

1. d4 f5 2. c4 Nf6 3. Nc3 g6 4. g3 Bg7 5. Bg2 0-0 6. c5 d6 7. Qb3+ d5 8. Nxd5 Be6 9. Nxf6+ Rxf6 10. Qxb7 Qxd4 11. Qxa8 Qb4+ 12. Kf1 Qd4 13. Qxb8+ Rf8 14. Be3 Rxb8 15. Bxd4 Bxd4 16. Rd1 1-0

[Event "Voronezh Rating op 06"]
[Site "Voronezh"]
[Date "2014.05.30"]
[Round "1"]
[White "Polyansky, Viktor"]
[Black "Korotchenkov, Victor"]
[Result "1-0"]
[WhiteElo "1985"]
[BlackElo "1643"]
[PlyCount "107"]
[EventDate "2014.05.30"]
[EventType "swiss"]
[EventRounds "7"]
[EventCountry "RUS"]
[SourceTitle "EXT 2015"]
[Source "ChessBase"]
[SourceDate "2014.11.20"]
[SourceVersion "1"]
[SourceVersionDate "2014.11.20"]
[SourceQuality "1"]

1. e4 e6 2. d4 b6 3. Bd3 Bb7 4. Nf3 Nf6 5. e5 Ne4 6. Qe2 f5 7. Nbd2 Ng5 8. Nxg5 Qxg5 9. f4 Qxg2 10. Qxg2 Bxg2 11. Rg1 Bb7 12. a4 Nc6 13. c3 a5 14. Nc4 Ne7 15. Ne3 Ng6 16. Ng2 Be7 17. Be2 h5 18. Kf2 Kf7 19. Bf3 Bxf3 20. Kxf3 c5 21. Be3 Rac8 22. Rgd1 cxd4 23. Rxd4 Rhd8 24. Rad1 Ke8 25. R4d3 Bc5 26. Bd2 Be7 27. Be1 Rc6 28. Ne3 d5 29. Nc2 Rc4 30. Nd4 Kf7 31. b3 Rc7 32. Bf2 Bc5 33. Nb5 Rc6 34. Bxc5 bxc5 35. Rg1 Ne7 36. c4 g6 37. Rgd1 d4 38. Nd6+ Kg7 39. Rg1 Rb6 40. Ke2 Rdb8 41. Rgg3 Nc6 42. Kd1 Kh7 43. Nf7 Nb4 44. Rd2 R8b7 45. Ng5+ Kg7 46. Rdg2 Kh6 47. Nf3 Rg7 48. Nh4 Nc6 49. Rxg6+ Rxg6 50. Rxg6+ Kh7 51. Rxe6 Ra6 52. Nxf5 Nb4 53. Re7+ Kg8 54. e6 1-0

[Event "Voronezh Rating op 01"]
[Site "Voronezh"]
[Date "2014.01.23"]
[Round "9"]
[White "Kuzmin, Vitaly"]
[Black "Korotchenkov, Victor"]
[Result "1-0"]
[WhiteElo "1793"]
[BlackElo "1678"]
[PlyCount "73"]
[EventDate "2014.01.10"]
[EventType "swiss"]
[EventRounds "9"]
[EventCountry "RUS"]
[SourceTitle "EXT 2015"]
[Source "ChessBase"]
[SourceDate "2014.11.20"]
[SourceVersion "1"]
[SourceVersionDate "2014.11.20"]
[SourceQuality "1"]

1. d4 e6 2. Nf3 b6 3. Bf4 Bb7 4. e3 Nf6 5. h3 Ne4 6. Nbd2 d6 7. Be2 Be7 8. 0-0 h5 9. Nxe4 Bxe4 10. Nd2 d5 11. Bxh5 Bd6 12. Bxd6 cxd6 13. Bf3 f5 14. Bh5+ Kd7 15. Bf3 Qg5 16. Bxe4 dxe4 17. Kh2 Nc6 18. f4 Rxh3+ 19. gxh3 Qh6 20. Rg1 Nxd4 21. c3 Rh8 22. Rg3 Nc6 23. Qe2 e5 24. Qf2 g6 25. Rag1 Nd8 26. fxe5 dxe5 27. Nc4 Nf7 28. Qd2+ Ke7 29. Qg2 g5 30. Rd1 g4 31. Rd5 Kf6 32. Qf2 f4 33. exf4 Ke6 34. Rxe5+ Nxe5 35. Nxe5 Kf5 36. Nxg4 Qh4 37. Ne3+ 1-0

[Event "Voronezh Rating op 01"]
[Site "Voronezh"]
[Date "2014.01.12"]
[Round "3"]
[White "Volodin, Konstantin"]
[Black "Korotchenkov, Victor"]
[Result "1-0"]
[WhiteElo "1915"]
[BlackElo "1678"]
[PlyCount "47"]
[EventDate "2014.01.10"]
[EventType "swiss"]
[EventRounds "9"]
[EventCountry "RUS"]
[SourceTitle "EXT 2015"]
[Source "ChessBase"]
[SourceDate "2014.11.20"]
[SourceVersion "1"]
[SourceVersionDate "2014.11.20"]
[SourceQuality "1"]

1. c4 e6 2. g3 b6 3. Bg2 Nc6 4. d4 Bb7 5. e4 Na5 6. Nd2 f5 7. Ne2 Nf6 8. f3 Bb4 9. e5 Nh5 10. 0-0 Bxd2 11. Bxd2 Nxc4 12. g4 fxg4 13. fxg4 Bxg2 14. Kxg2 Qh4 15. gxh5 Qe4+ 16. Kg1 Qg4+ 17. Kh1 Qe4+ 18. Kg1 Qg4+ 19. Ng3 Qxd4+ 20. Rf2 Nxb2 21. Qf3 c6 22. Bc3 Qxf2+ 23. Qxf2 Nc4 24. Ne4 1-0

[Event "Voronezh Rating op 01"]
[Site "Voronezh"]
[Date "2014.01.10"]
[Round "1"]
[White "Korotchenkov, Victor"]
[Black "Abramova, Yulia"]
[Result "0-1"]
[WhiteElo "1678"]
[BlackElo "1901"]
[PlyCount "52"]
[EventDate "2014.01.10"]
[EventType "swiss"]
[EventRounds "9"]
[EventCountry "RUS"]
[SourceTitle "EXT 2015"]
[Source "ChessBase"]
[SourceDate "2014.11.20"]
[SourceVersion "1"]
[SourceVersionDate "2014.11.20"]
[SourceQuality "1"]

1. d4 d5 2. c4 e6 3. Nc3 Nf6 4. Bg5 Be7 5. Bxf6 Bxf6 6. cxd5 exd5 7. e3 0-0 8. Nf3 b6 9. Bd3 Be6 10. Qc2 h6 11. Rc1 c5 12. h4 Nc6 13. dxc5 bxc5 14. a3 Re8 15. Bb5 Rc8 16. Qa4 Qb6 17. g3 Red8 18. 0-0 Ne5 19. Nxe5 Bxe5 20. Qa6 Qb8 21. Kg2 d4 22. exd4 Rxd4 23. Rce1 Rcd8 24. Na4 Bd5+ 25. Kh3 Bb7 26. Qa5 Qc8+ 0-1

[Event "Voronezh Autumn IRT"]
[Site "Voronezh"]
[Date "2012.10.05"]
[Round "4.13"]
[White "Volobuev, Sergey"]
[Black "Korotchenkov, Victor"]
[Result "1/2-1/2"]
[WhiteElo "1824"]
[BlackElo "1633"]
[PlyCount "75"]
[EventDate "2012.10.02"]
[EventType "swiss"]
[EventRounds "9"]
[EventCountry "RUS"]
[SourceTitle "EXT 2022"]
[Source "ChessBase"]
[SourceDate "2021.10.06"]
[SourceVersion "1"]
[SourceVersionDate "2021.10.06"]
[SourceQuality "1"]

1. e4 e6 2. Qe2 b6 3. g3 Bb7 4. Bg2 f5 5. d3 Nf6 6. Bg5 Be7 7. Nc3 h6 8. Bxf6 Bxf6 9. Qh5+ Kf8 10. Nge2 Qe8 11. Qh3 g5 12. g4 Bxc3+ 13. Nxc3 f4 14. 0-0-0 d6 15. Qf3 Nc6 16. d4 Qf7 17. h4 Ke7 18. e5 Na5 19. exd6+ cxd6 20. d5 e5 21. Qe4 Rac8 22. hxg5 Rc4 23. Qf5 Bc8 24. Qxf7+ Kxf7 25. f3 a6 26. Ne4 Nb7 27. Rxh6 Rxh6 28. gxh6 Rxe4 29. fxe4 Bxg4 30. Rh1 Kg8 31. Bf1 Bf3 32. Rg1+ Kh8 33. Bxa6 Nc5 34. Bd3 Nxe4 35. Rg6 Ng3 36. Rxd6 e4 37. Bxe4 Bxe4 38. Rf6 1/2-1/2

[Event "Voronezh Autumn IRT"]
[Site "Voronezh"]
[Date "2012.10.02"]
[Round "1.14"]
[White "Korotchenkov, Victor"]
[Black "Kuzmin, Vitaly"]
[Result "1-0"]
[WhiteElo "1633"]
[BlackElo "1734"]
[PlyCount "65"]
[EventDate "2012.10.02"]
[EventType "swiss"]
[EventRounds "9"]
[EventCountry "RUS"]
[SourceTitle "EXT 2022"]
[Source "ChessBase"]
[SourceDate "2021.10.06"]
[SourceVersion "1"]
[SourceVersionDate "2021.10.06"]
[SourceQuality "1"]

1. e4 c6 2. d4 d5 3. f3 dxe4 4. fxe4 Nf6 5. Nc3 Bg4 6. Be2 Bxe2 7. Ngxe2 e6 8. Bg5 Be7 9. Qd3 h6 10. Bh4 0-0 11. 0-0-0 Na6 12. Rhf1 Nh7 13. Bg3 Bg5+ 14. Kb1 Bh4 15. Bf4 Bg5 16. g3 Qa5 17. Bd6 Rfd8 18. e5 Rd7 19. Ne4 Be7 20. Qf3 Rf8 21. Rd3 Bxd6 22. Nxd6 f5 23. h4 Qd5 24. Ra3 Qxf3 25. Rfxf3 Ra8 26. Nxb7 Rxb7 27. Rxa6 Rab8 28. Rb3 Nf8 29. Rxb7 Rxb7 30. Rxc6 Kf7 31. Nf4 g5 32. hxg5 hxg5 33. Nd3 1-0

[Event "Voronezh Region-ch"]
[Site "Voronezh"]
[Date "2009.09.11"]
[Round "1.13"]
[White "Korotchenkov, Victor"]
[Black "Polyansky, Viktor"]
[Result "1-0"]
[WhiteElo "1675"]
[BlackElo "2178"]
[PlyCount "73"]
[EventDate "2009.09.11"]
[EventType "swiss"]
[EventRounds "9"]
[EventCountry "RUS"]
[SourceTitle "EXT 2022"]
[Source "ChessBase"]
[SourceDate "2021.10.06"]
[SourceVersion "1"]
[SourceVersionDate "2021.10.06"]
[SourceQuality "1"]

1. e4 c5 2. c3 Nf6 3. e5 Nd5 4. Bc4 Nb6 5. Bb3 d5 6. d4 Na6 7. Nf3 Bg4 8. Nbd2 e6 9. h3 Bf5 10. Nf1 Be4 11. Ng3 Bxf3 12. Qxf3 Qh4 13. Be3 0-0-0 14. Qxf7 Qe7 15. Qh5 Qd7 16. Bc2 cxd4 17. Bxd4 Nc5 18. 0-0 Qc7 19. Qg4 Qf7 20. a4 h5 21. Qe2 h4 22. b4 Ncd7 23. Nh1 Qh5 24. f3 Nc4 25. Rfe1 b6 26. Bd3 Nb8 27. Bxc4 dxc4 28. Qxc4+ Kd7 29. Rad1 Ke7 30. Qc7+ Nd7 31. Qxa7 g6 32. Bxb6 Bg7 33. Bxd8+ Rxd8 34. f4 g5 35. f5 Bxe5 36. Rxd7+ Rxd7 37. Qc5+ 1-0